Anagrammed Countries with an Extra Letter - Statistics

General Stats
  • This quiz has been taken 18 times
    15 since last reset
  • The average score is 12 of 16
Answer Stats
Hint Country % Correct
PHURE Peru
100%
YTLALI Italy
92%
YLUREKT Turkey
92%
CEGEREE Greece
85%
KOOOSVE Kosovo
85%
PAINTS Spain
85%
UEAIBNR Brunei
77%
ILARECND Ireland/Iceland
77%
TASNAKKCZH Kazakhstan
77%
ANMLAT Malta
77%
ALPANOD Poland
77%
BAJSIER Serbia
69%
SAARBIUAARDI Saudi Arabia
62%
DOTOOMLNILSANSS Solomon Islands
62%
THUNDORSA Honduras
54%
NDTOSEIAN Indonesia
46%
No matching quizzes found
Score Distribution
Percent of People with Each Score
Percentile by Number Answered
Your Score History
You have not taken this quiz since the last reset